Dieses Trikot ist so.... - Statistiken

Allgemein
  • Dieses Quiz wurde 48 mal gespielt
  • Das Durchschnittsergebnis liegt bei 8 aus 16
Antwortstatistiken
Bildquiz Antwort % Korrekt
Achraf Hakimi / Marquinhos / Presnel Kimpembe / Sergio Ramos / Juan Bernat / Nuno Mendes / Nordi Mukiele / Timothée Pembélé / El Chadaille Bitshiabu / Abdou Diallo / Danilo Pereira / Marco Verratti / Vitinha / Fabián Ruiz / Carlos Soler / Renato Sanches / Warren Zaïre-Emery / Ismaël Gharbi / Lionel Messi / Neymar Jr / Kylian Mbappé / Hugo Ekitiké
100%
Philipp Lahm / Rafinha / Jérôme Boateng / Dante / Medhi Benatia / Holger Badstuber / David Alaba / Juan Bernat / Javi Martínez / Xabi Alonso / Bastian Schweinsteiger / Thiago / Sebastian Rode / Mitchell Weiser / Franck Ribéry / Arjen Robben / Thomas Müller / Mario Götze / Robert Lewandowski / Claudio Pizarro
100%
Philipp Lahm / Jérôme Boateng / Mats Hummels / Per Mertesacker / Benedikt Höwedes / Shkodran Mustafi / Kevin Großkreutz / Erik Durm / Sami Khedira / Bastian Schweinsteiger / Toni Kroos / Mesut Özil / Christoph Kramer / Matthias Ginter / Julian Draxler / André Schürrle / Thomas Müller / Miroslav Klose / Lukas Podolski / Mario Götze / Kevin Großkreutz
64%
Gerard Piqué / Javier Mascherano / Dani Alves / Jordi Alba / Marc Bartra / Thomas Vermaelen / Jérémy Mathieu / Adriano / Sergio Busquets / Andrés Iniesta / Xavi / Ivan Rakitić / Sergi Roberto / Rafinha / Lionel Messi / Neymar Jr / Luis Suárez / Pedro Rodríguez / Munir El Haddadi / Sandro Ramírez
60%
Frank Baumann / Mladen Krstajić / Valérien Ismaël / Ümit Davala / Petri Pasanen / Ludovic Magnin / Fabian Ernst / Tim Borowski / Krisztian Lisztes / Johan Micoud / Angelos Charisteas / Aílton / Ivan Klasnić / Nelson Valdez / Christian Schulz / Paul Stalteri / Marco Bode / Ümit Karan
55%
Jeremie Frimpong / Jonathan Tah / Edmond Tapsoba / Piero Hincapié / Odilon Kossounou / Alejandro Grimaldo / Josip Stanišić / Arthur / Exequiel Palacios / Granit Xhaka / Robert Andrich / Florian Wirtz / Jonas Hofmann / Amine Adli / Nathan Tella / Adam Hložek / Victor Boniface / Patrik Schick / Borja Iglesias
55%
Laurent Blanc / Marcel Desailly / Bixente Lizarazu / Lilian Thuram / Frank Leboeuf / Vincent Candela / Patrick Vieira / Didier Deschamps / Emmanuel Petit / Zinedine Zidane / Christian Karembeu / Youri Djorkaeff / Robert Pirès / Thierry Henry / David Trezeguet / Stéphane Guivarc’h / Christophe Dugarry / Bernard Diomède
55%
José Luis Brown / Oscar Ruggeri / José Cuciuffo / Néstor Clausen / Julio Olarticoechea / Daniel Passarella / Héctor Enrique / Ricardo Giusti / Sergio Batista / Jorge Burruchaga / Ricardo Bochini / Diego Maradona / Jorge Valdano / Pedro Pasculli / Marcelo Trobbiani / Carlos Tapia / Claudio Borghi / Sergio Almirón / José Luis Cucciufo / Oscar Garré
48%
Rigobert Song / Raymond Kalla / Pierre Womé / Bill Tchato / Jean II Makoun / Geremi / Modeste M’Bami / Eric Djemba-Djemba / Salomon Olembe / Achille Emana / Stéphane Mbia / Samuel Eto’o / Patrick Mboma / Joseph-Désiré Job / Idriss Carlos Kameni / Henri Bedimo / Lucien Mettomo / Daniel Ngom Kome / Daniel Cousin / Nicolas Alnoudji
48%
Gary Neville / Phil Neville / Denis Irwin / Jaap Stam / Ronny Johnsen / Henning Berg / David Beckham / Ryan Giggs / Roy Keane / Paul Scholes / Nicky Butt / Jesper Blomqvist / Jonathan Greening / Jordi Cruyff / Ole Gunnar Solskjær / Dwight Yorke / Andy Cole / Teddy Sheringham / Wes Brown / Ronnie Wallwork / John Curtis
45%
Giorgio Chiellini / Leonardo Bonucci / Andrea Barzagli / Medhi Benatia / Alex Sandro / Stephan Lichtsteiner / Mattia De Sciglio / Daniele Rugani / Kwadwo Asamoah / Miralem Pjanić / Sami Khedira / Blaise Matuidi / Rodrigo Bentancur / Claudio Marchisio / Douglas Costa / Juan Cuadrado / Mario Mandžukić / Paulo Dybala / Gonzalo Higuaín / Federico Bernardeschi / Marko Pjaca
43%
Franco Baresi / Paolo Maldini / Mauro Tassotti / Alessandro Costacurta / Filippo Galli / Christian Panucci / Marcel Desailly / Demetrio Albertini / Roberto Donadoni / Zvonimir Boban / Dejan Savićević / Jean-Pierre Papin / Daniele Massaro / Marco Simone / Florin Răducioiu / Brian Laudrup / Stefano Eranio / Alberigo Evani / Gianluigi Lentini
38%
Jamie Carragher / Sami Hyypiä / Djimi Traoré / Steve Finnan / John Arne Riise / Igor Bišćan / Xabi Alonso / Steven Gerrard / Dietmar Hamann / Harry Kewell / Luis García / Milan Baroš / Djibril Cissé / Florent Sinama Pongolle / Anthony Le Tallec / Vladimir Šmicer / Mark González / Mauricio Pellegrino
38%
Sergio Ramos / Pepe / Fabio Cannavaro / Christoph Metzelder / Gabriel Heinze / Álvaro Arbeloa / Miguel Torres / Marcelo / Fernando Gago / Lassana Diarra / Mahamadou Diarra / Wesley Sneijder / Guti / Rubén de la Red / Arjen Robben / Rafael van der Vaart / Royston Drenthe / Raúl González / Gonzalo Higuaín / Klaas-Jan Huntelaar / Ruud van Nistelrooy
38%
Kevin Keegan / Manfred Kaltz / Ditmar Jakobs / Horst Hrubesch / Felix Magath / Uli Stein / Peter Nogly / Bernd Wehmeyer / Wolfgang Rolff / Thomas von Heesen / Jimmy Hartwig / Holger Hieronymus / Hermann Rieger / Ivan Buljan
26%
Basile Boli / Marcel Desailly / Jocelyn Angloma / Éric Di Meco / Bernard Casoni / Franck Sauzée / Didier Deschamps / Abedi Pelé / Rudi Völler / Alen Bokšić / Jean-Pierre Papin / Chris Waddle / Enzo Francescoli / Jean-Christophe Thomas / Éric Cantona / Jean-Marc Ferreri / Bernard Pardo
21%
Keine übereinstimmenden Quizze gefunden
Verteilung der Resultate
Anzahl Personen mit jedem Resultat
Perzentil nach korrekt beantworteten Fragen
Ihre Resultats-Entwicklung
Sie haben dieses Quiz noch nicht gespielt